Ethnic strife and politics in Sri Lanka : (Record no. 221)
[ view plain ]
| 000 -LEADER | |
|---|---|
| fixed length control field | 00540cam a2200181 a 4500 |
| 001 - CONTROL NUMBER | |
| control field | 4922167 |
| 005 - DATE AND TIME OF LATEST TRANSACTION | |
| control field | 20240130010411.0 |
| 008 - FIXED-LENGTH DATA ELEMENTS--GENERAL INFORMATION | |
| fixed length control field | 950309s1994 ii b 001 0 eng |
| 020 ## - INTERNATIONAL STANDARD BOOK NUMBER | |
| ISBN | 8170131294 : |
| 040 ## - CATALOGING SOURCE (பட்டியலாக்க மூலம்) | |
| Original cataloging agency | DLC |
| Transcribing agency | DLC |
| Modifying agency | DLC |
| 082 ## - DDC Classification | |
| DDC Edition Number | 22 |
| Class No. | 305.8 |
| Item Number - Author Mark | ETH. |
| 100 2# - MAIN ENTRY--PERSONAL NAME | |
| Personal name | Wiswa Warnapala, W. A. |
| 245 10 - TITLE STATEMENT | |
| Title | Ethnic strife and politics in Sri Lanka : |
| Remainder of title | an investigation into demands and responses / |
| Statement of responsibility, etc. | W.A. Wiswa Warnapala. |
| 260 ## - PUBLICATION, DISTRIBUTION, ETC. | |
| Place of publication, distribution, etc. | New Delhi : |
| Name of publisher, distributor, etc. | Navrang, |
| Date of publication, distribution, etc. | 1994. |
| 300 ## - PHYSICAL DESCRIPTION | |
| Extent (e.g. Volumes, Pages etc.) | iv, 252 p. ; |
| 650 #0 - SUBJECT ADDED ENTRY--TOPICAL TERM | |
| Topical term or geographic name entry element | Tamil (Indic people) |
| 942 ## - Koha item type (Biblio) | |
| Koha item type | Books in Stacks (Lending) |
| Lost status | Damaged status | Collection code | Home library | Current library | Date acquired | Full call number | Accession Number | Item type |
|---|---|---|---|---|---|---|---|---|
| Lending | WERC Library | WERC Library | 01/30/2024 | 305.8 ETH. | 3719 | Books in Stacks (Lending) |
